Countries that have Soft-Landed on the Moon - Statistics

General Stats
  • This quiz has been taken 21 times
  • The average score is 5 of 5
Answer Stats
Mission Country Year % Correct
Surveyor 1 United States 1966
100%
Chang’e 3 China 2013
90%
Chandrayaan-3 India 2023
90%
SLIM Japan 2024
86%
Luna 9 Soviet Union 1966
86%
No matching quizzes found
Score Distribution
Percent of People with Each Score
Percentile by Number Answered
Your Score History
You have not taken this quiz